000 00900nam a2200325Ia 4500
003 OSt
005 20220912150108.0
006 a|||||r|||| 00| 0
007 ta
008 220909b |||||||| |||| 00| 0 eng d
020 _a071673706X (hbd)
024 _a6452
037 _bBiotek,
037 _cTextual
040 _aCSL
_beng
_cCSL
041 _aeng
082 _aG11, N5;P0 TK
100 _aLodish Harvey
245 0 _aMolecular cell biology
250 _a4
260 _aNew York
_b W H Freeman and Company
_c2000
300 _axxxix,1084p
500 _aGlossary G1-G17p; Index I0-I36p
650 _a Cell
650 _aBiology
700 _a Darnell James
942 _hG11, N5;P0 TK
_cTEXL
_2CC
999 _c39494
_d39494